000 00796nam a22002177a 4500
005 2011110400160.0
010 _aG-001610
020 _c125.00
_a9788189107468
035 1 d _aG-001610
037 _bGift
082 _a204
100 _aHosseini, Jamshid
_935715
245 _aTravel within:
_cby Jamshid Hosseini [and] Dave Cunningham
_bthe 7 steps to wisdom and inner pease /
260 _aBhopal
_bIndra Publishing Hosue
_c2009
270 _aE-5/21, Arera Colony, Habibganj Police Station Road,
_bBhopal
_e462016
300 _aviii, 164p.
_c24cm(pbk)
700 _aCunningham, Dave
_935716
942 _2ddc
_cEN
_mHOS
_h204
999 _c58115
_d58115